000 00423nam a2200181Ia 4500
008 230524s9999 xx 000 0 und d
020 _a9789386858252
082 _a650.13
_bRAM
100 _aMeenakshi Raman
245 0 _aSoft Skills
250 _a1
260 _aDelhi
_bCengage
_c2018
300 _a"xvii,283p;"
500 _aQuantity Number: 70
650 _aEnglish
700 _aShalini Upadhyay
942 _cBK
999 _c59786
_d59786